Logo CIB grande

FISICOQUIMICA Y MICROBIOLOGIA DE LOS MEDIOS ACUATICOS: TRATAMIENTO Y CONTROL DE CALIDAD DE AGUAS (Registro nro. 229047)

Detalles MARC
000 -LEADER
campo de control de longitud fija 00620nam a2200229Ia 4500
005 - FECHA Y HORA DE LA ÚLTIMA TRANSACCIÓN
campo de control 20250425162428.0
008 - DATOS DE LONGITUD FIJA--INFORMACIÓN GENERAL
campo de control de longitud fija 250425s9999 xx 000 0 und d
020 ## - NÚMERO INTERNACIONAL ESTÁNDAR DEL LIBRO
Número Internacional Estándar del Libro 847978590X
041 ## - CÓDIGO DE IDIOMA
Código de lengua del texto/banda sonora o título independiente spa
082 ## - NÚMERO DE LA CLASIFICACIÓN DECIMAL DEWEY
Número de clasificación 628.16
010 ## - NÚMERO DE CONTROL DE LA BIBLIOTECA DEL CONGRESO
Número de control de LC 73157
100 ## - ENTRADA PRINCIPAL--NOMBRE DE PERSONA
Nombre de persona MARIN GALVIN, RAFAEL
245 #0 - MENCIÓN DEL TÍTULO
Título FISICOQUIMICA Y MICROBIOLOGIA DE LOS MEDIOS ACUATICOS: TRATAMIENTO Y CONTROL DE CALIDAD DE AGUAS
250 ## - MENCION DE EDICION
Mención de edición 1A ED.
260 ## - PUBLICACIÓN, DISTRIBUCIÓN, ETC.
Lugar de publicación, distribución, etc. España
Nombre del editor, distribuidor, etc. DIAZ DE SANTOS
Fecha de publicación, distribución, etc. 2003
260 ## - PUBLICACIÓN, DISTRIBUCIÓN, ETC.
Lugar de publicación, distribución, etc. MADRID
300 ## - DESCRIPCIÓN FÍSICA
Extensión 311
650 ## - PUNTO DE ACCESO ADICIONAL DE MATERIA--TÉRMINO DE MATERIA
Término de materia o nombre geográfico como elemento de entrada CALIDAD DEL AGUA
650 ## - PUNTO DE ACCESO ADICIONAL DE MATERIA--TÉRMINO DE MATERIA
Término de materia o nombre geográfico como elemento de entrada MICROBIOLOGIA ACUATICA
650 ## - PUNTO DE ACCESO ADICIONAL DE MATERIA--TÉRMINO DE MATERIA
Término de materia o nombre geográfico como elemento de entrada TRATAMIENTO DE AGUA
942 ## - ELEMENTOS DE ENTRADA SECUNDARIOS (KOHA)
Tipo de ítem Koha Libros
Existencias
Estatus retirado Estado de pérdida Estado de daño No para préstamo Biblioteca de origen Biblioteca actual Fecha de adquisición Coste, precio normal de compra Total de préstamos Código de barras Copia número Tipo de ítem Koha
        CENTRO DE INFORMACIÓN BIBLIOTECARIA CENTRO DE INFORMACIÓN BIBLIOTECARIA 11/02/2010 47.00   54055 1 Libros

Copyright 2025 ESPOL. Todos los derechos reservados.